| 000 | 00579nam a22001817a 4500 | ||
|---|---|---|---|
| 003 | OSt | ||
| 005 | 20160329135242.0 | ||
| 008 | 130301t xxu||||| |||| 00| 0 eng d | ||
| 050 |
_aPS 9992 _b.Or65 2007 |
||
| 082 |
_aF899.211 _b.Or65 |
||
| 245 |
_aThe Literary life : _bstories, poems and essays from the sunday times magazine / _cworks by Mila D. Aguilar (and more) ; Elmer A. Ordonez, editor |
||
| 260 |
_aManila : _bManila Times Publishing Corp., _c2007. |
||
| 300 |
_a262 pages ; _c26 cm. |
||
| 526 | _c1210L-1700L | ||
| 562 | _e1 | ||
| 942 |
_2lcc _cBK _kFIL |
||
| 999 |
_c18740 _d18740 |
||